[Event "Czechia KP-chTA 0607"]
[Site "Czech Republic"]
[Date "2006.11.12"]
[Round "2.6"]
[White "Schmalz, Michal"]
[Black "Kural, Jaroslav"]
[Result "1-0"]
[WhiteElo "1646"]
[BlackElo "1994"]
[PlyCount "57"]
[EventDate "2006.10.29"]
[EventType "team-tourn"]
[EventRounds "11"]
[EventCountry "CZE"]
[SourceTitle "EXT 2008"]
[Source "ChessBase"]
[SourceDate "2007.11.25"]
[SourceVersion "1"]
[SourceVersionDate "2007.11.25"]
[SourceQuality "1"]
[WhiteTeam "Kladno II"]
[BlackTeam "Kladno"]
[WhiteTeamCountry "CZE"]
[BlackTeamCountry "CZE"]

1. e4 e6 2. d4 d5 3. e5 c5 4. c3 Nc6 5. Nf3 Qb6 6. Bd3 cxd4 7. cxd4 Bd7 8. 0-0 Nxd4 9. Nxd4 Qxd4 10. Qe2 Ne7 11. Be3 Qb4 12. a3 Qa5 13. b4 Qc7 14. Nd2 Rc8 15. Nb3 a6 16. Rac1 Nc6 17. f4 Be7 18. Bc5 Bxc5+ 19. Nxc5 0-0 20. Qh5 g6 21. Qh4 Nd4 22. Qf2 Nf5 23. Bxf5 exf5 24. Qh4 Bb5 25. Rfd1 Rfd8 26. Qf6 Bc4 27. e6 Re8 28. Rxc4 dxc4 29. Rd7 1-0

[Event "CZE-chT2b 0506"]
[Site "Czech Republic"]
[Date "2005.11.20"]
[Round "3"]
[White "Kural, Jaroslav"]
[Black "Kansky, Pavel"]
[Result "0-1"]
[WhiteElo "2045"]
[BlackElo "2135"]
[PlyCount "50"]
[EventDate "2005.10.16"]
[EventType "team-tourn"]
[EventRounds "11"]
[EventCountry "CZE"]
[SourceTitle "EXT 2009"]
[Source "ChessBase"]
[SourceDate "2008.11.26"]
[SourceVersion "1"]
[SourceVersionDate "2008.11.26"]
[SourceQuality "1"]

1. e4 g6 2. d4 Bg7 3. Nc3 d6 4. Be3 c6 5. Qd2 Qa5 6. Bd3 b5 7. f3 Nd7 8. h4 h5 9. Nh3 Nb6 10. Qe2 Na4 11. Bd2 Nxb2 12. e5 Nxd3+ 13. cxd3 dxe5 14. Rc1 exd4 15. Nd5 Qd8 16. Nb4 Bb7 17. Nxc6 Bxc6 18. Rxc6 Nf6 19. 0-0 0-0 20. Rfc1 Nd5 21. Nf4 Nc3 22. Bxc3 dxc3 23. Qe4 Qd4+ 24. Qxd4 Bxd4+ 25. Kf1 Be3 0-1

[Event "CZE-Cup01 sf bd03 email"]
[Site "Czech email"]
[Date "2003.??.??"]
[Round "?"]
[White "Hrubcik, Martin"]
[Black "Kural, Jaroslav"]
[Result "0-1"]
[WhiteElo "2000"]
[BlackElo "2000"]
[PlyCount "60"]
[EventDate "2003.??.??"]
[EventType "tourn (corr)"]
[EventRounds "14"]
[EventCountry "CZE"]
[SourceTitle "Corr 2006"]
[Source "ChessBase"]
[SourceDate "2006.04.01"]
[SourceVersion "3"]
[SourceVersionDate "2006.04.01"]
[SourceQuality "1"]

1. e4 c5 2. Nf3 d6 3. d4 cxd4 4. Nxd4 Nf6 5. Nc3 a6 6. Bc4 e6 7. Be3 b5 8. Bd3 Bb7 9. f3 Nbd7 10. a3 d5 11. exd5 Nxd5 12. Nxd5 Bxd5 13. 0-0 Ne5 14. f4 Nxd3 15. Qxd3 Be7 16. Rad1 0-0 17. Qe2 Qc7 18. Qg4 f5 19. Qh5 Rf6 20. Rd2 Rd8 21. c3 Rg6 22. Rfd1 Bf6 23. Nc2 Be4 24. Rxd8+ Bxd8 25. Rd2 Bf6 26. Ne1 e5 27. fxe5 Qxe5 28. Qd1 Bxg2 29. Nxg2 Qxe3+ 30. Kh1 Qc5 0-1

[Event "CZE-Cup01 sf bd03 email"]
[Site "Czech email"]
[Date "2003.??.??"]
[Round "?"]
[White "Kural, Jaroslav"]
[Black "Mika, Petr"]
[Result "1-0"]
[WhiteElo "2000"]
[BlackElo "1800"]
[PlyCount "65"]
[EventDate "2003.??.??"]
[EventType "tourn (corr)"]
[EventRounds "14"]
[EventCountry "CZE"]
[SourceTitle "Corr 2006"]
[Source "ChessBase"]
[SourceDate "2006.04.01"]
[SourceVersion "3"]
[SourceVersionDate "2006.04.01"]
[SourceQuality "1"]

1. e4 e6 2. d4 d5 3. Nd2 Nf6 4. e5 Nfd7 5. Bd3 c5 6. c3 b6 7. Ne2 Ba6 8. Bxa6 Nxa6 9. 0-0 b5 10. f4 g6 11. g4 Qb6 12. Nf3 Be7 13. Be3 h5 14. f5 hxg4 15. fxe6 fxe6 16. Ng5 c4 17. a4 b4 18. Qc2 Rg8 19. Nf7 b3 20. Qb1 Nf8 21. Bh6 Kd7 22. Qd1 Nh7 23. Nf4 g5 24. Nh5 Qb8 25. Qb1 Nf8 26. Nf6+ Bxf6 27. exf6 Kc7 28. Bxf8 Rxf8 29. Qh7 Kb6 30. Rae1 Re8 31. a5+ Kxa5 32. Nd6 Qxd6 33. Qb7 1-0

[Event "CZE-Cup01 sf bd03 email"]
[Site "Czech email"]
[Date "2003.??.??"]
[Round "?"]
[White "Kural, Jaroslav"]
[Black "Poslusny, Martin"]
[Result "1-0"]
[WhiteElo "2000"]
[BlackElo "1800"]
[PlyCount "73"]
[EventDate "2003.??.??"]
[EventType "tourn (corr)"]
[EventRounds "14"]
[EventCountry "CZE"]
[SourceTitle "Corr 2006"]
[Source "ChessBase"]
[SourceDate "2006.04.01"]
[SourceVersion "3"]
[SourceVersionDate "2006.04.01"]
[SourceQuality "1"]

1. e4 c5 2. Nf3 Nc6 3. d4 cxd4 4. Nxd4 Qb6 5. Nb3 Nf6 6. Nc3 e6 7. Bd3 a6 8. 0-0 Qc7 9. f4 d6 10. Qf3 Be7 11. Be3 0-0 12. a3 Nd7 13. Qh3 b5 14. e5 f5 15. exf6 Nxf6 16. Nd4 Qd7 17. Ne4 h6 18. Qg3 Nh5 19. Qg6 Nxd4 20. Nc5 dxc5 21. Qh7+ Kf7 22. Bg6+ Kf6 23. Bxh5 Bd6 24. Bf2 Nf5 25. g4 Ke7 26. gxf5 Kd8 27. Bf3 Rb8 28. Rad1 Rxf5 29. Rxd6 Qxd6 30. Rd1 Rd5 31. Bxd5 exd5 32. f5 Qf6 33. Qg8+ Kc7 34. Qxd5 Bxf5 35. Bg3+ Kb6 36. Bxb8 Bxc2 37. Rc1 1-0

[Event "CZE-chT2b 0001"]
[Site "Czech Republic"]
[Date "2001.??.??"]
[Round "?"]
[White "Kural, Jaroslav"]
[Black "Klakurka, Stanislav"]
[Result "1/2-1/2"]
[WhiteElo "2055"]
[BlackElo "1930"]
[PlyCount "34"]
[EventDate "2000.??.??"]
[EventType "team-tourn"]
[EventRounds "11"]
[EventCountry "CZE"]
[SourceTitle "EXT 2003"]
[Source "ChessBase"]
[SourceDate "2002.11.25"]
[SourceVersion "1"]
[SourceVersionDate "2002.11.25"]
[SourceQuality "1"]

1. d4 Nf6 2. c4 e6 3. Nc3 Bb4 4. e3 c5 5. Bd3 0-0 6. Nge2 d5 7. 0-0 cxd4 8. exd4 dxc4 9. Bxc4 Nc6 10. a3 Be7 11. b4 a6 12. d5 exd5 13. Nxd5 Nxd5 14. Bxd5 Bf6 15. Ra2 Nd4 16. Be4 Re8 17. Qd3 Nxe2+ 1/2-1/2

[Event "CZE-chT2b 0001"]
[Site "Czech Republic"]
[Date "2000.??.??"]
[Round "?"]
[White "Kural, Jaroslav"]
[Black "Hajek, Jaroslav"]
[Result "0-1"]
[WhiteElo "2087"]
[BlackElo "2076"]
[PlyCount "58"]
[EventDate "2000.??.??"]
[EventType "team-tourn"]
[EventRounds "11"]
[EventCountry "CZE"]
[SourceTitle "EXT 2003"]
[Source "ChessBase"]
[SourceDate "2002.11.25"]
[SourceVersion "1"]
[SourceVersionDate "2002.11.25"]
[SourceQuality "1"]

1. e4 e6 2. d4 d5 3. Nd2 Nf6 4. e5 Nfd7 5. Bd3 c5 6. c3 Nc6 7. Ne2 cxd4 8. cxd4 f6 9. exf6 Qxf6 10. Nf3 h6 11. Nf4 Bb4+ 12. Kf1 0-0 13. Qc2 Rd8 14. Nh5 Qe7 15. Bh7+ Kh8 16. h4 Nf8 17. Bg5 Qf7 18. Bd3 Qxh5 19. Bxd8 Bd6 20. Bg5 hxg5 21. Nxg5 Nxd4 22. Qa4 Bc5 23. Rc1 Bd7 24. Qa5 Be7 25. Rh3 e5 26. Qxd5 Bxg5 27. hxg5 Bxh3 28. Qxe5 Bf5 29. Bxf5 Qh1# 0-1

[Event "CZE-chT2b 0001"]
[Site "Czech Republic"]
[Date "2000.??.??"]
[Round "?"]
[White "Kural, Jaroslav"]
[Black "Kotek, Daniel"]
[Result "0-1"]
[WhiteElo "2087"]
[BlackElo "2252"]
[PlyCount "70"]
[EventDate "2000.??.??"]
[EventType "team-tourn"]
[EventRounds "11"]
[EventCountry "CZE"]
[SourceTitle "EXT 2003"]
[Source "ChessBase"]
[SourceDate "2002.11.25"]
[SourceVersion "1"]
[SourceVersionDate "2002.11.25"]
[SourceQuality "1"]

1. e4 e6 2. d4 d5 3. Nd2 Nf6 4. e5 Nfd7 5. Bd3 c5 6. c3 Nc6 7. Ne2 cxd4 8. cxd4 f6 9. exf6 Nxf6 10. Nf3 Bd6 11. 0-0 Qc7 12. Nc3 a6 13. Re1 0-0 14. Bg5 Ng4 15. h3 Bh2+ 16. Kf1 Nxf2 17. Kxf2 Qg3+ 18. Ke3 Rxf3+ 19. Qxf3 Qxg5+ 20. Kf2 Bd7 21. Bxh7+ Kxh7 22. Qd3+ Kg8 23. g3 Nxd4 24. Rf1 Nf5 25. Ne2 Bb5 26. h4 Bxd3 27. hxg5 Bxe2 28. Rh1 Bxg3+ 29. Kxe2 Bf4 30. Rhg1 Kf7 31. Raf1 e5 32. Rd1 Ke6 33. Rd3 Rc8 34. Rc3 Nd4+ 35. Kd3 Rh8 0-1

[Event "CZE Czechia-ch"]
[Site "Czech Republic"]
[Date "1993.??.??"]
[Round "1"]
[White "Belaska, Premysl"]
[Black "Kural, Jaroslav"]
[Result "1-0"]
[WhiteElo "2255"]
[BlackElo "2030"]
[PlyCount "43"]
[EventDate "1993.??.??"]
[EventType "swiss"]
[EventRounds "9"]
[EventCountry "CZE"]
[SourceTitle "EXT 1997"]
[Source "ChessBase"]
[SourceDate "1996.11.15"]
[SourceVersion "1"]
[SourceVersionDate "1996.11.15"]
[SourceQuality "1"]

1. e4 e6 2. d4 d5 3. Nc3 Bb4 4. e5 c5 5. a3 Bxc3+ 6. bxc3 Ne7 7. Qg4 0-0 8. Bd3 f5 9. exf6 Rxf6 10. Bg5 Rf7 11. Qh5 g6 12. Qh4 Nbc6 13. Nf3 c4 14. Be2 Qc7 15. g4 Bd7 16. Qg3 Qxg3 17. hxg3 Raf8 18. Bf4 e5 19. dxe5 Bxg4 20. Ng5 Bxe2 21. Kxe2 Rf5 22. Nxh7 1-0